| 000 | 01634nam0a2200313 4500 | ||
|---|---|---|---|
| 001 | RU\NLR\bibl\1272653 | ||
| 005 | 20260407142308.0 | ||
| 021 |
_aRU _b2008-54444 _93014 |
||
| 035 | _a(NLR Aleph) 001258518 | ||
| 090 |
_a364147 _c364147 |
||
| 100 | _a20080912d2008 |||y0rusy50 ca | ||
| 101 | 0 | _arus | |
| 102 | _aRU | ||
| 105 | _ay ||||||||| | ||
| 200 | 1 |
_aМестное самоуправление: Федеральный закон "Об общих принципах организации местного самоуправления в Российской Федерации" _aЗакон Республики Башкортостан "О местном самоуправлении в Республике Башкортостан" |
|
| 210 |
_aУфа _c[б.и.] _d2008 |
||
| 215 |
_a196 с. _d20 |
||
| 606 | 1 |
_aМестное самоуправление _jЗаконодательные материалы _yРоссийская Федерация _92077686 _3RU\NLR\auth\661253368 |
|
| 606 | 1 |
_aМестное самоуправление _jЗаконодательные материалы _yБашкортостан, Республика _92152841 _3RU\NLR\auth\661296301 |
|
| 686 | _aХ621.011.2-39(2Р) | ||
| 686 | _aХ621.011.2-39(2Р-6Б) | ||
| 740 | 1 |
_aРоссийская Федерация _tЗаконы _3RU\NLR\AUTH\883331 _9277893 |
|
| 741 | 1 |
_aРеспублика Башкортостан _tЗаконы и постановления _3RU\NLR\AUTH\8810011818 _9521363 |
|
| 801 | 0 |
_aRU _bNLR _c20080912 _gRCR |
|
| 801 | 1 |
_aRU _bNLR _c20080912 |
|
| 942 | _cBOOK | ||
| 980 | _aNB | ||